| 000 | 01090nam a22002777a 4500 | ||
|---|---|---|---|
| 003 | dpl | ||
| 005 | 20170124103222.0 | ||
| 008 | 161127b xxu||||| |||| 00| 0 eng d | ||
| 010 | _a438664 | ||
| 020 | _c10.00 | ||
| 035 | _a438664 | ||
| 037 | _bCen Lib/Ret | ||
| 040 |
_aDPL _bEN _ctit |
||
| 082 |
_a027.8 _bफ़ार्गोए |
||
| 100 |
_aफ़ार्गो, लूसिले एफ. _9117046 |
||
| 245 |
_aस्कूल-पुस्तकालय के विविध रूप / _cलूसिले एफ. फ़ार्गो |
||
| 246 |
_aSchool pustakalya ke vividh roop / _bLucile F. Fargo |
||
| 260 |
_aदिल्ली _bआत्मा राम एंड संस _c1966 |
||
| 270 |
_bदिल्ली _aकश्मीरी गेट |
||
| 300 |
_a403p. _c22cm(pbk) |
||
| 500 | _aIncludes appendix and index | ||
| 650 |
_aLibrary Science _9117047 |
||
| 650 |
_aLibrary management _9117048 |
||
| 700 |
_aत्रिपाठी, सशिप्रभा _9117049 |
||
| 942 |
_2ddc _cHN _h027.8 _mफ़ार्गोए |
||
| 999 |
_c121950 _d121950 |
||